Myths and realities: best practices for language minority students
Uloženo v:
| Hlavní autoři: | , |
|---|---|
| Médium: | Kniha |
| Jazyk: | angličtina |
| Vydáno: |
Portsmouth
Heinemann
1999
|
| Témata: | |
| Tagy: |
Přidat tag
Žádné tagy, Buďte první, kdo vytvoří štítek k tomuto záznamu!
|
MARC
| LEADER | 00000nam a2200000 a 4500 | ||
|---|---|---|---|
| 001 | UCM4295 | ||
| 003 | CL-VaPUC | ||
| 008 | 020814e19990000uk |||||||||||||||||eng|d | ||
| 082 | 0 | 4 | |a 370.1175 |b SAM |2 21 |
| 100 | 0 | |a Samwa, Katharine Davies |e author |9 470839 | |
| 700 | 0 | |a McKeon, Denise |e author |9 470840 | |
| 245 | 1 | 0 | |a Myths and realities: best practices for language minority students |
| 300 | |a 127 p | ||
| 942 | |c BK | ||
| 945 | |d 20020814 00:00:00 |a cmena | ||
| 260 | |a Portsmouth |b Heinemann |c 1999 | ||
| 650 | 0 | |a Educación bilingüe |9 311405 | |
| 650 | 7 | |a GRUPOS MINORITARIOS |2 CL-VaPUC |9 337829 | |
| 650 | 0 | |a Adquisición del lenguaje |9 309032 | |
| 650 | 0 | |a Educación lingüística |9 306506 | |
| 583 | |a last modification |c 20150511 05:07:42 |k Rodrigo Vera | ||
| 999 | |c 301080 |d 301078 | ||
| 952 | |0 0 |1 0 |4 0 |6 370_117500000000000_SAM_1999 |7 0 |8 A |9 359751 |a FDOPOS |b FDOPOS |d 2019-11-21 |i 3832007 |o 370.1175 SAM 1999 |p 3832007 |r 2023-08-09 |w 2019-11-21 |y BK |k MLA | ||